000 00522nam a2200193 a 4500
001 1770285652765
003 YourLibrary
005 20260205153743.0
008 260205s2006##################000#0#eng##
020 _a9780446694117
082 0 4 _a332.63240973
_bLEC
100 1 _aLechter, Sharon L.,
_eauthor.
245 1 0 _aRich Dad's Real Estate Advantages :
260 _bBusiness Plus,
_c2006.
300 _a261 pages
650 0 _aBusiness & Economics.
942 _cENGLISH
040 _aYourLibrary
_beng
_cYourLibrary
999 _c610465
_d610465